| Tag |
First Indicator |
Second Indicator |
Subfields |
| LEADER |
00000cam a2200000 4500 |
| 001 |
in00000054469 |
| 005 |
20151008052037.0 |
| 008 |
770223s1919 nyu 00010 engm |
| 010 |
|
|
|a 20000224
|
| 035 |
|
|
|a (OCoLC)02756927
|
| 035 |
|
|
|9 AAH1370AM
|
| 040 |
|
|
|a DLC
|c DVP
|d TXA
|d UtOrBLW
|
| 049 |
|
|
|a TXAM
|c [134135]
|
| 050 |
|
0 |
|a HD8072
|b .G75
|
| 092 |
|
|
|a 331.8
|b G634
|
| 100 |
1 |
|
|a Gompers, Samuel,
|d 1850-1924.
|
| 245 |
1 |
0 |
|a Labor and the common welfare /
|c by Samuel Gompers ... Comp. and ed. by Hayes Robbins.
|
| 264 |
|
1 |
|a New York :
|b E. P. Dutton & company,
|c [1919]
|
| 264 |
|
4 |
|c [©1919]
|
| 300 |
|
|
|a ix pages, 1 leaf, 306 pages ;
|c 21 cm.
|
| 336 |
|
|
|a text
|b txt
|2 rdacontent
|
| 337 |
|
|
|a unmediated
|b n
|2 rdamedia
|
| 338 |
|
|
|a volume
|b nc
|2 rdacarrier
|
| 500 |
|
|
|a At head of title: Labor movements and labor problems in America.
|
| 650 |
|
0 |
|a Working class
|z United States
|y 1914-
|
| 650 |
|
0 |
|a Labor unions.
|
| 650 |
|
0 |
|a Labor movement
|z United States
|y 1914-
|
| 650 |
|
0 |
|a Labor
|z United States
|y 1914-
|
| 700 |
1 |
|
|a Robbins, Hayes,
|d 1873-1941.
|
| 740 |
0 |
|
|a Labor movements and labor problems in America, [v. 1]
|
| 999 |
|
|
|a MARS
|
| 999 |
f |
f |
|s abace919-9a4f-3aea-a793-e7dc2a60052d
|i ad5bc5ab-088b-3bd6-b60b-9ed4cf634fd5
|t 0
|
| 952 |
f |
f |
|p ric
|a Texas A&M University
|b Rellis Campus
|c Joint Library Facility
|d Remote Storage
|t 0
|e HD8072 .G75
|h Library of Congress classification
|i unmediated -- volume
|m A14800721205
|
| 998 |
f |
f |
|a HD8072 .G75
|t 0
|l Remote Storage
|